000
00232nam a2200097Ia 4500
008
230907s9999||||xx |||||||||||||| ||und||
082
_a
621.042,ICR
245
0
_a
ICREGA'14 - renewable energy :
300
_a
xii, 713p.:
942
_c
BK
999
_c
597563
_d
597563